[Event "Utrecht OKU op 41st"]
[Site "Utrecht"]
[Date "2014.05.30"]
[Round "1"]
[White "Uildriks, Mark"]
[Black "Haast, Anne"]
[Result "0-1"]
[WhiteElo "1986"]
[BlackElo "2299"]
[PlyCount "82"]
[EventDate "2014.05.30"]
[EventType "swiss"]
[EventRounds "6"]
[EventCountry "NED"]
[SourceTitle "CBM 160 Extra"]
[Source "ChessBase"]
[SourceDate "2014.07.01"]
[SourceVersion "1"]
[SourceVersionDate "2014.07.01"]
[SourceQuality "1"]

1. e4 c5 2. Nc3 Nc6 3. Nf3 e6 4. d4 cxd4 5. Nxd4 Qc7 6. Be3 a6 7. Bd3 Nf6 8. 0-0 Nxd4 9. Bxd4 Bc5 10. Bxc5 Qxc5 11. Qf3 d6 12. Rfe1 e5 13. h3 0-0 14. Nd1 Ne8 15. Ne3 Nc7 16. Bc4 Kh8 17. Rad1 b5 18. Bd5 Nxd5 19. Rxd5 Qb4 20. Rb1 Bb7 21. a3 Qa4 22. Rxd6 Bxe4 23. Qe2 Rac8 24. Rbd1 f5 25. c3 f4 26. Ng4 f3 27. Qe3 Bc2 28. R1d2 fxg2 29. Nxe5 Bf5 30. R6d4 Qb3 31. Kxg2 Rce8 32. f4 Qe6 33. Qg3 g5 34. Rd6 Be4+ 35. Kg1 Qf5 36. Ng4 Ba8 37. Rd7 Qe4 38. Nf2 Qe1+ 39. Kh2 Rxf4 40. Rd8 Rxf2+ 41. Qxf2 Qxf2+ 0-1

[Event "Utrecht OKU op"]
[Site "Utrecht"]
[Date "2009.06.07"]
[Round "5"]
[White "Uildriks, Mark"]
[Black "Van Leent, Dmitri"]
[Result "1-0"]
[WhiteElo "2032"]
[BlackElo "2201"]
[PlyCount "57"]
[EventDate "2009.06.05"]
[EventType "swiss"]
[EventRounds "6"]
[EventCountry "NED"]
[SourceTitle "CBM 130 Extra"]
[Source "ChessBase"]
[SourceDate "2009.07.02"]
[SourceVersion "2"]
[SourceVersionDate "2009.07.15"]
[SourceQuality "1"]

1. e4 e6 2. d4 d5 3. Nc3 Bb4 4. e5 c5 5. a3 Ba5 6. dxc5 Bxc3+ 7. bxc3 Ne7 8. Bd3 Nbc6 9. f4 Qa5 10. Ne2 Qxc5 11. a4 a6 12. Ba3 Qa7 13. Bd6 Bd7 14. Rf1 0-0-0 15. Qb1 Nf5 16. Bxf5 exf5 17. a5 d4 18. c4 Rhe8 19. c5 f6 20. exf6 gxf6 21. Kd1 Re3 22. Qb2 Be6 23. Ra3 Rxa3 24. Qxa3 Bc4 25. Rf3 Re8 26. Rd3 b5 27. axb6 Qf7 28. Nxd4 Bxd3 29. Qxd3 1-0